00277nam a22001097a 4500003000500000038001300005082001700018100002300035245005900058260003000117300002000147NUST aM.Ramzan a519.536bKUT aKutner, Michael H. aApplied Linear statistical models /cMichael H. Kutner aBostenbMcGraw Hillc2005 a1396 p, :c25cm